000
00217 a2200097 4500
001
33570
100
_a
Jain,N.C
245
_a
Textbook of Marketing Management
260
_a
Delhi
_b
AITBS Pub
_c
090
_c
22342
_d
22342
942
_a
NUST-CAE
_c
M
_c
13717
999
_c
268643
_d
268643